00837nam a2200205 a 450000100100000000500170001000800410002702000150006804000250008308200250010810000270013324500930016026000500025330000280030350000210033150400300035270000310038295202010041399900170061400004635920201002052820.0150804s1992 xxua 000 0 spa d a0906156645 aDO-SdBNPbspacBNPHU axxxxxxxxxbxxxxxxxxx1 aFerguson, James97438810aThe Dominican Republic :bbeyond the lighthouse /cJames Ferguson ; editor Duncan Green. aNew York, NY, :bLatin America Bureau,c1992. a118 p. :bil. ;c21 cm. aIncluye índice aBibliografias : p 111-1131 aGreen, Duncan,eed.974389 001050718MOaPDbPDcHDd2015-08-04iLF1l0oxxxxxxxxx xxxxxxxxxp46359-10r2020-06-25w2020-06-25y1zPerteneció a la biblioteca personal de Chiqui Vicioso / Fidelio Despradel.ZNo se presta c45848d45848